000 02357cam a22003371i 4500
003 SA-RiAUC
005 20251029124500.0
008 251021s1985 le g 000r0 ara c
040 _aSA-JeALM
_bara
_cSA-RiAUC
_erda
050 4 _b.I26 1985
082 0 4 _a252.29
_qSA-RiAUC
090 _a252.29
_bا ب ن ع
100 1 _aابن عبد السلام، عبد العزيز بن عبد السلام بن أبي القاسم،
_d577-660 هجري
_eمؤلف.
245 1 0 _aمساجلة علمية بين الإمامين الجليلين العز بن عبد السلام وابن الصلاح حول صلاة الرغائب المبتدعة /
_cبتحقيق محمد ناصر الدين الألباني، محمد زهير الشاويش.
250 _aالطبعة الثانية.
264 1 _aبيروت ؛
_bالمكتب الإسلامي،
_c1985
300 _a59 صفحة ؛
_c18 سم.
336 _aنص
_btxt
_2rdacontent
_3كتاب
337 _aبدون وسيط
_bn
_2rdamedia
505 0 _tالترغيب عن صلاة الرغائب الموضوعة وبيان ما فيها من مخالفة السنن المشروعة /
_tالرد على الترغيب عن صلاة الرغائب الموضوعة وبيان ما فيها من مخالفة السنن المشروعة /
_tتفنيد رد ابن الصلاح /
_rتأليف عز الدين بن عبد السلام-
_rتصنيف تقي الدين بن الصلاح-
_rللعز بن عبد السلام.
650 7 _aالصلاة (إسلام)
_2aucsh
650 7 _aصلاة النفل
_2aucsh
650 7 _aالبدع في الإسلام
_2aucsh
650 7 _aالصلاة (فقه إسلامي)
_2aucsh
700 1 _aابن الصلاح، عثمان بن عبد الرحمن بن عثمان،
_d577-643 هجري
_eمؤلف.
700 1 _aالألباني، محمد ناصر الدين،
_d1914-1999
_eمحقق.
700 1 _aالشاويش، زهير،
_d1925-2013
_eمحقق.
700 1 2 _iتحقيق لـ (عمل) :
_aابن عبد السلام، عبد العزيز بن عبد السلام بن أبي القاسم،
_d577-660 هجري.
_tمساجلة علمية بين الإمامين الجليلين العز بن عبد السلام وابن الصلاح حول صلاة الرغائب المبتدعة
942 _2ddc
_cBOOK
_n0
949 _aSA-JeALM
_d251021
_uosman123
_n1
999 _c12789
_d12789